Why can't you just give me the number?: an executive's guide to using probabilistic thinking to manage risk and make better decisions

Gespeichert in:
Bibliographische Detailangaben
1. Verfasser: Leach, Patrick (VerfasserIn)
Format: Buch
Sprache:Englisch
Veröffentlicht: Probabilistic Publishing 2006
Schlagworte:
Tags: Tag hinzufügen
Keine Tags, Fügen Sie den ersten Tag hinzu!

MARC

LEADER 00000cam a2200000 a 4500
001 UCF7144
003 CL-VaPUC
008 130606e20060000US |||||||||||||||||eng|d
020 |a 9780964793859 
082 0 4 |a 658.403  |b LEA  |2 21 
100 0 |a Leach, Patrick  |e author  |9 569123 
245 1 0 |a Why can't you just give me the number?: an executive's guide to using probabilistic thinking to manage risk and make better decisions 
300 |a 197 p 
942 |c BK 
945 |d 20130606 00:00:00  |a dcastane 
260 |b Probabilistic Publishing  |c 2006 
650 0 |a Toma de decisiones   |9 257530 
650 0 |a Probabilidades   |9 260199 
650 0 |a Riesgo  |9 256420 
583 |a last modification  |c 20130606 11:56:00  |k Rodrigo Vera 
999 |c 352063  |d 352061 
952 |0 0  |1 0  |4 0  |6 658_403000000000000_LEA_2006  |7 0  |8 A  |9 456588  |a BIBING  |b BIBING  |d 2019-11-22  |i 497879K  |o 658.403 LEA 2006  |p 497879K  |r 2025-01-20  |w 2019-11-22  |y BK  |k EII